000 00401nam a2200145Ia 4500
005 20250409181428.0
008 250409s9999||||xx |||||||||||||| ||und||
020 _a978-81-315-0234-1
100 _aBAUMOL WILLIAM J AND BLINDER ALAN S
245 0 _aMICROECONOMICS:PRINCIPLES AND POLICY
260 _bSOUTH-WESTERN CENGAGE LEARNING
_aAUSTRALIA
300 _a450
650 _vEconomics
942 _cBOOK
999 _c19972
_d19972